000
00296nam a2200121Ia 4500
008
191201s2014 xx 000 0 und d
100
_a
KULKARNI, P.V
245
0
_a
Financial Management
260
_a
N. Delhi
_b
Himalaya Publication House
_c
2014
300
_a
862
650
_a
BBA
942
_2
ddc
_c
BK
999
_c
6207
_d
6207